Statistics for Countries of Oceania by First Three Letters in 30 Seconds

Click here to take the quiz!

General Stats

  • This quiz has been taken 60 times
  • The average score is 11 of 14

Answers on the Map

Answers color-coded by a green-red scale on the quiz's map according to % correct below.
 

Answer Stats

Answer% Correct
Australia
97%
New Zealand
88%
Tuvalu
81%
Fiji
78%
Kiribati
78%
Nauru
75%
Palau
75%
Papua New Guinea
75%
Solomon Islands
75%
Federated States of Micronesia
72%
Marshall Islands
72%
Vanuatu
72%
Samoa
69%
Tonga
69%

Score Distribution

Percentile by Number Answered

Percent of People with Each Score

Your Score History

You have not taken this quiz